| 000 | 00844nam a2200253 i 4500 | ||
|---|---|---|---|
| 001 | 44490 | ||
| 003 | ES-MaACL | ||
| 005 | 20250827062601.0 | ||
| 007 | t| | ||
| 008 | 030321s1982 sp ||||1| spa d | ||
| 110 | 1 |
_aEspaña _93622 |
|
| 240 | 0 | _aCódigo civil, 1889 | |
| 245 | 1 | 0 |
_aCódigo civil / _cedición preparada por César Sempere Rodríguez ; bajo la dirección de Rodrigo Bercovitz Rodríguez-Cano. |
| 250 | _a2ª ed. | ||
| 260 |
_aMadrid : _bTecnos, _c1982. |
||
| 300 |
_a637 p. ; _c17 cm. |
||
| 490 | 1 | _aBiblioteca de textos legales | |
| 650 | 0 | 4 |
_aDerecho civil- _zEspaña- _vLegislación _911663 |
| 700 | 1 |
_aSempere Rodríguez, Cesar. _9105411 |
|
| 700 | 1 |
_aBercovitz Rodríguez-Cano, Rodrigo. _927857 |
|
| 830 | 1 |
_aBiblioteca de textos legales _9177271 |
|
| 852 |
_aES-MaACL _jL-3032 |
||
| 999 |
_c44490 _d44490 |
||